Statistiques concernant Les pays visités par Tintin

Cliquez ici pour prendre le quiz!

Statistiques générales

  • Ce quiz a été pris 196 fois
  • Le résultat moyen est 12 sur 21

Statistiques - réponses

BDPays% Correct
Tintin au CongoRépublique Démocratique du Congo
100%
Tintin en AmériqueEtats-Unis
97%
Les cigares du pharaonEgypte
96%
Le Lotus bleuChine
94%
L'île noireRoyaume-Uni
74%
Les sept boules de cristalFrance
71%
Le temple du SoleilPérou
70%
Les cigares du pharaonArabie Saoudite
67%
Tintin au TibetNépal
64%
Les cigares du pharaonInde
63%
Le crabe au pinces d'orMaroc
55%
Vol 714 pour SydneyIndonésie
45%
L'affaire TournesolSuisse
43%
L'étoile mystérieuseIslande
41%
Objectif LuneSyldavie
38%
L'affaire TournesolSyldavie
38%
Le sceptre d'OttokarSyldavie
38%
L'oreille casséeSan Theodoros
21%
Tintin et les PicarosSan Theodoros
21%
Tintin au pays de l'or noirKhemed
13%
Coke en stockKhemed
13%

Distribution des résultats

Percentile par nombre de réponses

% des personnes avec chaque résultat

Votre développement - résultats

Vous n’avez pas pris ce quiz